| 000 | 00325nam a22001337a 4500 | ||
|---|---|---|---|
| 020 | _a0471-08213-9 | ||
| 082 | _a621.4 MCD'S | ||
| 100 |
_aMCDANIELS, DAVID.K _974501 |
||
| 245 | _aTHE SUN OUR FUTURE ENERGY SOURSE | ||
| 260 |
_aJOHN WILEY _bJOHN WILEY _c1979 |
||
| 300 | _a271P | ||
| 650 |
_aSOLAR ENERGY _93179 |
||
| 942 | _cBK | ||
| 999 |
_c580024 _d580024 |
||